000 00595nam a22002057a 4500
003 DO-SdBNP
005 20211014094252.0
007 ta
008 210616b 2019 dr 00| 0 eng d
020 _a9789945505009
040 _aDO-SdBNP
_bspa
_cBNPHU
100 1 _aKury, Farid,
_d1962-
_933990
245 1 0 _aAtrévete a triunfar /
_c Farid Kury.
260 _aSanto Domingo :
_bCentenario,
_c2019.
300 _a104 p. ;
_c22 cm.
500 _aIncluye datos biográficos del autor en la solapa de la contracubierta.
590 _aInventariado, 2021 /LP
910 _aLP
942 _2ddc
_cLBS1
999 _c49937
_d49937